| 000 | 00969nam a22001817a 4500 | ||
|---|---|---|---|
| 003 | OSt | ||
| 005 | 20241223140941.0 | ||
| 008 | 240709b |||||||| |||| 00| 0 eng d | ||
| 041 | _aEnglish | ||
| 082 | _aPM/CLF/15 Acc. No.10,690 | ||
| 110 | _aFinance Committee | ||
| 245 | _aIn The Third Session Of The Sixth Parliament Of Fourth Republic Of Ghana Report Of The Finance Committee On Concessional Loan Facility Between The Government Of Ghana And The Republic Of Korea Acting Through The Export-Import Bank Of Korea For An Amount Of USD67,23,4000.00 For The Implementation Of The Prestea-Kumasi Power Enhancement Project. | ||
| 260 |
_aAccra _bParliament Of Ghana _c2015. |
||
| 300 | _a6p | ||
| 650 | _2 Prestea-Kumasi Power Enhancement Project. | ||
| 653 | _a1. Concessional loan facility between the government of Ghana and the Republic of Korea 2. Export-Import Bank of Korea 3.Implementation of the Prestea-Kumasi Power Enhancement Project | ||
| 942 |
_2ddc _cCR _n0 |
||
| 999 |
_c4147 _d4147 |
||